Statistics for Countries Closest to Barcelona

Click here to take the quiz!

General Stats

  • This quiz has been taken 223 times
  • The average score is 16 of 20

Answer Stats

kmCountrymiles% Correct
107France66
100%
506Italy314
98%
0Spain0
98%
127Andorra79
95%
699Portugal434
94%
937Belgium582
92%
811Germany504
92%
798Morocco496
89%
609Switzerland378
89%
512Algeria318
88%
857Vatican City532
87%
884San Marino549
86%
944Luxembourg587
85%
745Tunisia463
83%
867Austria539
82%
503Monaco313
81%
858Liechtenstein533
70%
873Gibraltar542
43%
925Jersey575
20%
965Guernsey600
19%

Score Distribution

Percentile by Number Answered

Percent of People with Each Score

Your Score History

You have not taken this quiz